Практикум по общей химии (неорганической): учебное пособие для втузов

Dettagli Bibliografici
Autore principale: Утевская Е. Л.
Altri autori: Поляков М. В. (редактор)
Lingua:russo
Pubblicazione: Киев, Государственное изд-во Украины, 1947
Soggetti:
Natura: MixedMaterials Libro
KOHA link:https://koha.lib.tpu.ru/cgi-bin/koha/opac-detail.pl?biblionumber=261883

MARC

LEADER 00000nam0a2200000 4500
001 261883
005 20231101233613.0
020 |a RU  |b 80-48673 
035 |a (RuTPU)RU\TPU\book\284865 
090 |a 261883 
100 |a 20140528d1947 m y0rusy5003 ca 
101 0 |a rus 
102 |a UA 
105 |a a j 001zy 
200 1 |a Практикум по общей химии (неорганической)  |e учебное пособие для втузов  |f Е. Л. Утевская  |g под ред. М. В. Полякова 
210 |a Киев  |a Львов  |c Государственное изд-во Украины  |d 1947 
215 |a 297 с.  |c ил. 
606 1 |a Химия общая  |2 stltpush  |3 (RuTPU)RU\TPU\subj\67862  |9 83510 
610 1 |a учебные пособия 
610 1 |a практикумы 
610 1 |a химические элементы 
610 1 |a химические вещества 
610 1 |a химические реакции 
610 1 |a молекулярный вес 
675 |a 54(076.5)  |v 3 
700 1 |a Утевская  |b Е. Л. 
702 1 |a Поляков  |b М. В.  |4 340 
801 0 |a RU  |b RuMRKP  |c 19950704  |g psbo 
801 1 |a RU  |b 63413507  |c 20140528 
801 2 |a RU  |b 63413507  |c 20140715  |g RCR 
942 |c BK